El despertar del Parlamento /
Contiene los discursos pronunciados por Juan José Rodríguez Pratts como diputado por el Partido Revolucionario Institucional en la LVII Legislatura, en un período de sesiones histórico, durante el cual se gestó la transición política.
Збережено в:
| Автор: | |
|---|---|
| Формат: | Книга |
| Мова: | Іспанська |
| Опубліковано: |
México :
Congreso de la Unión, Cámara de Senadores, LVIII Legislatura,
2003, c2003
|
| Серія: | (Legisladores ;
12) |
| Предмети: | |
| Теги: |
Немає тегів, Будьте першим, хто поставить тег для цього запису!
|
MARC
| LEADER | 00000nam^a2200000^a^4500 | ||
|---|---|---|---|
| 001 | 000266607 | ||
| 005 | 20250521000000.0 | ||
| 009 | 20260310110755.276 | ||
| 020 | |a 970-727-020-9 | ||
| 037 | |a Acervo ITESO - Biblioteca | ||
| 041 | |a ESP | ||
| 082 | |a 328. 72 |b MEX DIP PAN 1997-2000 | ||
| 100 | |a Rodríguez Prats, Juan José |e (autor) | ||
| 245 | 1 | 3 | |a El despertar del Parlamento / |c J.J. Rodríguez Prats. |
| 264 | 4 | |a México : |b Congreso de la Unión, Cámara de Senadores, LVIII Legislatura, |c 2003, c2003 | |
| 300 | |a 568 p. | ||
| 336 | |a texto |b txt |2 rdacontenido | ||
| 337 | |a sin mediación |b n |2 rdamedio | ||
| 338 | |a volumen |b nc |2 rdasoporte | ||
| 440 | 1 | |a (Legisladores ; |v 12) | |
| 520 | |a Contiene los discursos pronunciados por Juan José Rodríguez Pratts como diputado por el Partido Revolucionario Institucional en la LVII Legislatura, en un período de sesiones histórico, durante el cual se gestó la transición política. | ||
| 649 | |a XX | ||
| 650 | |a Debates y el Arte de Discutir - |x Tema Principal | ||
| 650 | |a Cartera Vencida - |z México | ||
| 650 | |a Presupuesto Público - |z México | ||
| 650 | |a Transparencia Administrativa - |z México | ||
| 650 | |a Bancos y Operaciones Bancarias - |z México | ||
| 650 | |a Guerra de Chiapas, 1994 | ||
| 650 | |a Partidos Políticos - |z México | ||
| 650 | |a Campaña Electoral - |z México | ||
| 650 | |a Elecciones - |z México | ||
| 650 | |a Derecho Electoral - |z México | ||
| 650 | |a Derecho Administrativo - |z México | ||
| 650 | |a Cámara de Senadores - |z México - |x Tema Principal | ||
| 650 | |a Congreso de la Unión - |z México | ||
| 650 | |a Poder Legislativo - |z México | ||
| 650 | |a Partido Acción Nacional - |z México | ||
| 650 | |a Proceso Legislativo - |z México | ||
| 650 | |a Proceso Político - |z México | ||
| 650 | |a Política - |z México - |x Historia - |y 2000-2006 | ||
| 650 | |a Política - |z México - |x Historia - |y Siglo XXI | ||
| 910 | |a Fondo General | ||
| 920 | |a Impresos - Libros | ||
| 930 | |a Colección General | ||
| 905 | |a 101 | ||
| 901 | |a 0500149874 |b IT1 |c ACC |u 20250521 | ||
| 902 | |a https://opac.biblio.iteso.mx/vufind/Record/000266607 | ||